Statistics for 10 Closest Capitals from Vilnius

Click here to take the quiz!

General Stats

  • This quiz has been taken 42 times
  • The average score is 10 of 10

Answer Stats

km/miAnswer% Correct
263km/164miRiga
100%
529km/329miTallinn
100%
611km/379miHelsinki
97%
168km/104miMinsk
97%
387km/240miWarsaw
97%
803km/499miBerlin
95%
578km/359miKyiv
95%
799km/496miMoscow
95%
696km/433miStockholm
95%
825km/513miCopenhagen
89%

Score Distribution

Percentile by Number Answered

Percent of People with Each Score

Your Score History

You have not taken this quiz